000 00710cam a22002413a 4500
001 7555
003 PGUSA
005 20140828083146.0
008 040828s2004||||xxu|||||s|||||000 | eng d
040 _aPGUSA
_beng
042 _adc
050 4 _aPQ
100 1 _aRousseau, Jean-Jacques,
_d1712-1778
245 1 0 _aQuotes and Images From The Confessions of Jean Jacques Rousseau
_h[electronic resource] /
_cJean-Jacques Rousseau
260 _bProject Gutenberg,
_c2004
506 _aPublic domain in the USA.
516 _aElectronic text
653 _aQuotations
700 1 _aWidger, David,
_d1932-
830 0 _aProject Gutenberg
_v7555
856 4 0 _uhttp://www.gutenberg.org/ebooks/7555
942 _cEB
999 _c236874
_d236874